000 00229nam a2200097Ia 4500
008 170619s9999 xx 000 0 und d
100 _aRaj- B
245 0 _aFrontiers in Materials Science
260 _bUNIVERSITIES PRESS
260 _c2005
546 _aENGLISH
999 _c21385
_d21385